Deadliest Animals Quiz Stats

 Plays Quiz not verified by Sporcle

Challenge
Share
Tweet
Embed
Score 0/15 Timer 05:00
0 Plays Today
Hint Animal % Correct
Do not usually hunt people, but there have been casesLion
92.7%
One of the top predators in it's HabitatGreat White Shark
82.5%
Very Bad Tempered AnimalsHippopotamus
63%
Have the ability to kill any other land animalElephant
62.2%
Many thousands of people die every year because of the bite of this speciesCobra
55%
Argued to be the biggest killer known (in some parts of the world)Mosquito
51.5%
Estimates of human fatalities from this animal vary wildly between dozens to thousands annuallyCrocodile
51.2%
This animal has caused at least 5,500 deaths since the 1950sBox Jellyfish
37.6%
Hint Animal % Correct
If injured, sickly or struggling these animals will often turn to hunting people and may become habituated to itLeopard
35.2%
Stealth Hunters and their victims often do not know they are being hunted until it's too latePolar Bear
34.4%
Possesses the ability to kill 10 grown men just through contactPoison Dart Frog
33.6%
Death from this animal occurs when it is prepared incorrectlyPuffer Fish
33.5%
There are over one thousand species of this animal, but less than 25 are lethal to humans Scorpion
33.5%
Known as one of the 'big five' or 'Black Death' in AfricaCape Buffalo
22.9%
The deadliest animal of it's species. It is able to camouflage and transform itselfStonefish
7.4%

You're not logged in!

Compare scores with friends on all Sporcle quizzes.
OR
Log In

You Might Also Like...

Show Comments

Extras

Top Quizzes Today


Score Distribution

Your Account Isn't Verified!

In order to create a playlist on Sporcle, you need to verify the email address you used during registration. Go to your Sporcle Settings to finish the process.

Report this User

Report this user for behavior that violates our Community Guidelines.

Details: